000 02043nam a2200469 a 4500
999 _c197720
_d197720
003 BLK
005 20250728112006.0
008 180411b bul|||||r ||||||| ||bul||
010 _aKNG00207004000
020 _a978-954-345-118-0
040 _aBLK
041 _aBUL
_cBUL
072 7 _2bullib
_aН61
_xМедицина Н
080 _aЛекарствени средства от растителен произход. Подразделя се със знак за отношение :582; :633/635; :665.3
_b615.322
_x(035)
_z615.322(035)
080 _aЕтеричномаслени растения. Ароматни, оцветителни, дъбилни, лекарствени растения
_b633.8
_x.004(035)
_z633.8.004(035)
100 1 _aДрагостинова, Християна
_eпърви автор
_gТодорова, Християна Драгостинова
_9297016
139 _aДрагостинова, Християна
_bД 86
245 1 0 _aЦелебната сила на маслата
_cХристияна Драгостинова.
257 _aBGR
260 _bРаспер
_c2017
300 _a128 с.
_c21 см
380 _a61
650 4 _aРастителни масла - приложение
_9270839
650 4 _aМаслодайни култури - лечебни свойства
_9266199
650 4 _aЕтерични масла - приложение
_9243514
650 4 _aАроматотерапия
_9147397
653 _aмаслотерапия
653 _aрастителни масла
653 _aмаслодайни растения
653 _aетерични масла
653 _aароматерапия
653 _aръководства
659 _aН
852 _aЦб 290324
856 4 _qpdf
856 4 _qpdf
942 _cKNG
_n0
_08
944 _aCR
_c26.05.2017
_lЦветелина Шанова
_k30531
944 _aED
_c14.06.2017
_lф /
_kЛюдмила_Стоянова
999 _d197720
999 _d197720